[Event "Balatonalmadi Pannonia Cup 17th"]
[Site "Balatonalmadi"]
[Date "2012.07.25"]
[Round "1"]
[White "Molnar, Marton"]
[Black "Rigo, Janos"]
[Result "0-1"]
[WhiteElo "1971"]
[BlackElo "2297"]
[PlyCount "68"]
[EventDate "2012.07.25"]
[EventType "swiss"]
[EventRounds "7"]
[EventCountry "HUN"]
[SourceTitle "EXT 2016"]
[Source "ChessBase"]
[SourceDate "2015.10.08"]
[SourceVersion "1"]
[SourceVersionDate "2015.10.08"]
[SourceQuality "1"]

1. c4 f5 2. Nc3 Nf6 3. Nf3 e6 4. g3 Bb4 5. Bg2 0-0 6. 0-0 Bxc3 7. bxc3 d6 8. d3 Nbd7 9. Rb1 e5 10. Ba3 Rb8 11. Qb3 Kh8 12. d4 e4 13. Ng5 Qe8 14. Qb5 a6 15. Qxf5 Ne5 16. Qf4 Nxc4 17. Bc1 h6 18. Qh4 Bf5 19. Rb4 b5 20. Nh3 Ng4 21. f3 Nge3 22. fxe4 Nxg2 23. Kxg2 Bxh3+ 24. Qxh3 Qxe4+ 25. Kg1 c5 26. dxc5 dxc5 27. Rb3 Qxe2 28. Bf4 Ne3 29. Rfb1 Rbd8 30. R3b2 Rd1+ 31. Rxd1 Qxd1+ 32. Kf2 Ng4+ 33. Kg2 Re8 34. Rd2 Re2+ 0-1

[Event "Budapest Medosz"]
[Site "Budapest"]
[Date "2010.11.04"]
[Round "10"]
[White "Zala, Gyula"]
[Black "Molnar, Marton"]
[Result "1/2-1/2"]
[WhiteElo "2023"]
[BlackElo "1992"]
[PlyCount "32"]
[EventDate "2010.10.26"]
[EventType "tourn"]
[EventRounds "11"]
[EventCountry "HUN"]
[SourceTitle "EXT 2011"]
[Source "ChessBase"]
[SourceDate "2010.11.26"]
[SourceVersion "1"]
[SourceVersionDate "2010.11.26"]
[SourceQuality "1"]

1. e4 e5 2. d4 exd4 3. Bd3 d6 4. f4 Nf6 5. Nf3 c5 6. 0-0 Nc6 7. h3 Be7 8. a3 0-0 9. Nbd2 Qc7 10. g4 Kh8 11. g5 Ng8 12. Kh2 Qd7 13. Ng1 g6 14. Qf3 f5 15. c3 dxc3 16. bxc3 Qe8 1/2-1/2

[Event "Budapest Medosz"]
[Site "Budapest"]
[Date "2010.10.27"]
[Round "2"]
[White "Molnar, Marton"]
[Black "Torok, Tamas Titusz"]
[Result "1/2-1/2"]
[WhiteElo "1992"]
[BlackElo "2074"]
[PlyCount "44"]
[EventDate "2010.10.26"]
[EventType "tourn"]
[EventRounds "11"]
[EventCountry "HUN"]
[SourceTitle "EXT 2011"]
[Source "ChessBase"]
[SourceDate "2010.11.26"]
[SourceVersion "1"]
[SourceVersionDate "2010.11.26"]
[SourceQuality "1"]

1. c4 b6 2. d4 e6 3. Nf3 Bb7 4. Nc3 d5 5. g3 Nf6 6. Bg2 dxc4 7. Qa4+ Nbd7 8. Qxc4 c5 9. 0-0 cxd4 10. Qxd4 Bc5 11. Qh4 0-0 12. e4 e5 13. Rd1 h6 14. Nxe5 Nxe5 15. Rxd8 Raxd8 16. Qf4 Nd3 17. Qf3 Nxf2 18. Be3 Rd3 19. Bxc5 Rxf3 20. Bxf8 Nh3+ 21. Kh1 Nf2+ 22. Kg1 Nh3+ 1/2-1/2

[Event "Budapest FS02 FM-A"]
[Site "Budapest"]
[Date "2010.02.14"]
[Round "9"]
[White "Molnar, Marton"]
[Black "Borda, Lajos"]
[Result "1/2-1/2"]
[WhiteElo "1979"]
[BlackElo "2060"]
[PlyCount "64"]
[EventDate "2010.02.06"]
[EventType "tourn"]
[EventRounds "11"]
[EventCountry "HUN"]
[SourceTitle "CBM 135 Extra"]
[Source "ChessBase"]
[SourceDate "2010.05.04"]
[SourceVersion "1"]
[SourceVersionDate "2010.05.04"]
[SourceQuality "1"]

1. c4 e5 2. Nc3 Nf6 3. g3 d5 4. cxd5 Nxd5 5. Bg2 Nb6 6. Nf3 Bd6 7. 0-0 0-0 8. d3 c6 9. a3 Nd5 10. Ne4 Bc7 11. Qc2 h6 12. b4 Re8 13. Bb2 Nd7 14. Rac1 Nf8 15. Nc5 Bd6 16. Rfd1 a5 17. e4 Nf6 18. d4 exd4 19. Bxd4 Qc7 20. Bxf6 gxf6 21. Qd2 Bxc5 22. Rxc5 b6 23. Rh5 Bg4 24. Rxh6 Rad8 25. Qc1 Rxd1+ 26. Qxd1 Ng6 27. Qc1 axb4 28. axb4 Kg7 29. h3 Bxf3 30. Bxf3 Re5 31. Rh5 Rxh5 32. Bxh5 Qd6 1/2-1/2

[Event "Budapest FS02 FM-A"]
[Site "Budapest"]
[Date "2010.02.12"]
[Round "7"]
[White "Molnar, Marton"]
[Black "Tran, Minh Thang"]
[Result "1/2-1/2"]
[WhiteElo "1979"]
[BlackElo "1921"]
[PlyCount "74"]
[EventDate "2010.02.06"]
[EventType "tourn"]
[EventRounds "11"]
[EventCountry "HUN"]
[SourceTitle "CBM 135 Extra"]
[Source "ChessBase"]
[SourceDate "2010.05.04"]
[SourceVersion "1"]
[SourceVersionDate "2010.05.04"]
[SourceQuality "1"]

1. c4 b6 2. Nf3 Bb7 3. g3 c5 4. Bg2 g6 5. 0-0 Nc6 6. e3 Bg7 7. Nc3 e6 8. d4 d6 9. d5 Na5 10. dxe6 fxe6 11. e4 Nf6 12. Ng5 Qe7 13. Nb5 0-0 14. Nxd6 Rad8 15. e5 Bxg2 16. Kxg2 Ne8 17. Qe2 Nxd6 18. exd6 Rxd6 19. Bf4 e5 20. Kg1 Rf5 21. h4 Qb7 22. Bd2 Nc6 23. Bc3 Nd4 24. Qe4 Nf3+ 25. Kh1 Qxe4 26. Nxe4 Rd3 27. Rad1 Rxd1 28. Rxd1 Nd4 29. Kg2 Kf8 30. a3 Ke7 31. b4 cxb4 32. axb4 Rf8 33. b5 Rc8 34. Ra1 Rxc4 35. Rxa7+ Kf8 36. Ra8+ Ke7 37. Ra7+ Kf8 1/2-1/2

[Event "Budapest FS02 FM-A"]
[Site "Budapest"]
[Date "2010.02.08"]
[Round "3"]
[White "Molnar, Marton"]
[Black "Csonka, Balazs"]
[Result "0-1"]
[WhiteElo "1979"]
[BlackElo "2143"]
[PlyCount "114"]
[EventDate "2010.02.06"]
[EventType "tourn"]
[EventRounds "11"]
[EventCountry "HUN"]
[SourceTitle "CBM 135 Extra"]
[Source "ChessBase"]
[SourceDate "2010.05.04"]
[SourceVersion "1"]
[SourceVersionDate "2010.05.04"]
[SourceQuality "1"]

1. c4 g6 2. g3 Bg7 3. Bg2 e5 4. Nc3 Ne7 5. d3 0-0 6. Nf3 d6 7. 0-0 c5 8. Bg5 f6 9. Bd2 Nbc6 10. Rb1 Be6 11. a3 d5 12. cxd5 Nxd5 13. Ne4 b6 14. Qc1 Qd7 15. Re1 Rac8 16. Bh6 Rfd8 17. Bxg7 Kxg7 18. Qd2 Nde7 19. Rec1 Nd4 20. Nxd4 Qxd4 21. Qc3 Qd7 22. Rd1 Qa4 23. e3 Bf5 24. Rbc1 Nd5 25. Qc4 Qxc4 26. dxc4 Bxe4 27. Bxe4 Ne7 28. Bb7 Rb8 29. Bf3 Kf7 30. Kf1 a5 31. h4 h6 32. b3 Ke6 33. g4 f5 34. gxf5+ gxf5 35. Ke2 e4 36. Bg2 Ng6 37. h5 Ne5 38. Bh3 Nf3 39. Bg2 Ne5 40. Bh3 Rxd1 41. Rxd1 Rg8 42. Rh1 Nf3 43. Kd1 Rg1+ 44. Rxg1 Nxg1 45. Bg2 Kf6 46. Kc2 Kg5 47. Kc3 Kxh5 48. b4 a4 49. bxc5 bxc5 50. Kd2 Kg4 51. Ke1 h5 52. Kf1 Nf3 53. Ke2 Ne5 54. Bh1 h4 55. Bg2 h3 56. Bh1 h2 57. Bg2 Nxc4 0-1

[Event "Budapest FS02 FM-B"]
[Site "Budapest"]
[Date "2009.02.09"]
[Round "3"]
[White "Molnar, Marton"]
[Black "Egri, Laszlo Jr"]
[Result "1-0"]
[WhiteElo "1947"]
[BlackElo "1842"]
[PlyCount "65"]
[EventDate "2009.02.07"]
[EventType "tourn"]
[EventRounds "9"]
[EventCountry "HUN"]
[SourceTitle "CBM 128 Extra"]
[Source "ChessBase"]
[SourceDate "2009.03.05"]
[SourceVersion "2"]
[SourceVersionDate "2009.03.25"]
[SourceQuality "1"]

1. c4 e5 2. Nc3 d6 3. g3 g6 4. Bg2 Bg7 5. Nf3 Ne7 6. 0-0 0-0 7. Rb1 c6 8. b4 d5 9. cxd5 Nxd5 10. Qc2 Qe7 11. b5 Nxc3 12. dxc3 h6 13. a4 Bf5 14. e4 Be6 15. c4 cxb5 16. cxb5 Rc8 17. Qb2 Nd7 18. Bd2 Rc4 19. Bb4 Qe8 20. Nd2 Rd4 21. Rfc1 Bf8 22. Bxf8 Qxf8 23. a5 Qd6 24. Nf3 Rd3 25. Qc2 Kg7 26. Qc7 Rb8 27. b6 axb6 28. axb6 Ba2 29. Ra1 Be6 30. Bf1 Rd4 31. Nxd4 Qxd4 32. Rd1 Qxb6 33. Rxd7 1-0

[Event "HUN-chT2 Charousek 0809"]
[Site "Hungary"]
[Date "2008.10.26"]
[Round "1"]
[White "Haszon, David"]
[Black "Molnar, Marton"]
[Result "1-0"]
[WhiteElo "2022"]
[BlackElo "2047"]
[PlyCount "81"]
[EventDate "2008.10.26"]
[EventType "tourn"]
[EventRounds "11"]
[EventCountry "HUN"]
[SourceTitle "EXT 2010"]
[Source "ChessBase"]
[SourceDate "2010.11.25"]
[SourceVersion "1"]
[SourceVersionDate "2010.11.25"]
[SourceQuality "1"]
[WhiteTeam "Honved"]
[BlackTeam "Aquaprofit II"]
[WhiteTeamCountry "HUN"]
[BlackTeamCountry "HUN"]

1. e4 c5 2. Nf3 d6 3. d4 cxd4 4. Nxd4 Nf6 5. Nc3 a6 6. Be3 e5 7. Nb3 Be6 8. f3 Be7 9. Qd2 b5 10. Nd5 Nxd5 11. exd5 Bf5 12. 0-0-0 h6 13. Kb1 Bg5 14. g4 Bg6 15. Bd3 Bxd3 16. Qxd3 Nd7 17. Bf2 Bh4 18. Bxh4 Qxh4 19. Rdg1 Rc8 20. Nd2 Nf6 21. Ne4 Nxe4 22. Qxe4 0-0 23. Qe2 Rc4 24. Rd1 Rfc8 25. Rd2 a5 26. Rhd1 Qf6 27. Qe3 Rb4 28. Qa3 Ra4 29. Qd3 Rc5 30. Qe3 Rf4 31. Rd3 a4 32. Qe2 b4 33. Re3 Ra5 34. Rdd3 a3 35. bxa3 bxa3 36. Rb3 Rxd5 37. Rxa3 e4 38. Rxe4 Rxe4 39. Ra8+ Re8 40. Rxe8+ Kh7 41. Qe4+ 1-0

[Event "HUN-chT2 Asztalos 0405"]
[Site "Hungary"]
[Date "2005.04.10"]
[Round "10"]
[White "Strenner, Balazs"]
[Black "Molnar, Marton"]
[Result "1-0"]
[WhiteElo "1937"]
[BlackElo "2027"]
[PlyCount "101"]
[EventDate "2004.09.26"]
[EventType "team-tourn"]
[EventRounds "11"]
[EventCountry "HUN"]
[SourceTitle "EXT 2009"]
[Source "ChessBase"]
[SourceDate "2008.11.26"]
[SourceVersion "1"]
[SourceVersionDate "2008.11.26"]
[SourceQuality "1"]
[WhiteTeam "MAV Elore"]
[BlackTeam "Aquaprofit"]
[WhiteTeamCountry "HUN"]
[BlackTeamCountry "HUN"]

1. e4 c5 2. c3 e6 3. d4 cxd4 4. cxd4 d5 5. e5 Nc6 6. Nc3 Bb4 7. Qg4 g6 8. Nf3 a6 9. Bd3 Qc7 10. 0-0 f6 11. Bd2 fxe5 12. dxe5 d4 13. Ne4 Bxd2 14. Nexd2 Nh6 15. Qf4 Nf7 16. Rfe1 0-0 17. Qg3 Nh6 18. h4 Kh8 19. Qg5 Qg7 20. Re4 Nf5 21. Nc4 Nb4 22. Qd2 Nxd3 23. Qxd3 b5 24. Nd6 Nxd6 25. exd6 e5 26. Rxe5 Bg4 27. Rae1 Bxf3 28. gxf3 Qa7 29. R5e4 Rad8 30. Qxd4+ Qxd4 31. Rxd4 Rd7 32. Re7 Rfd8 33. Rxd7 Rxd7 34. Kg2 Kg7 35. Kg3 Kf6 36. Kf4 h6 37. Kg4 Ke6 38. h5 g5 39. f4 gxf4 40. Kxf4 Rf7+ 41. Ke3 Rd7 42. Ke4 Rxd6 43. Rxd6+ Kxd6 44. Kf5 Kd5 45. f4 Kd4 46. Ke6 Kd3 47. f5 Kc2 48. f6 Kxb2 49. f7 Kxa2 50. f8Q Kb3 51. Qa8 1-0

[Event "HUN-chT2 Asztalos 0405"]
[Site "Hungary"]
[Date "2004.10.10"]
[Round "2"]
[White "Katona, Ferenc Jr"]
[Black "Molnar, Marton"]
[Result "0-1"]
[WhiteElo "1836"]
[BlackElo "2027"]
[PlyCount "64"]
[EventDate "2004.09.26"]
[EventType "team-tourn"]
[EventRounds "11"]
[EventCountry "HUN"]
[SourceTitle "EXT 2009"]
[Source "ChessBase"]
[SourceDate "2008.11.26"]
[SourceVersion "1"]
[SourceVersionDate "2008.11.26"]
[SourceQuality "1"]
[WhiteTeam "Kiraly Sakk"]
[BlackTeam "Aquaprofit"]
[WhiteTeamCountry "HUN"]
[BlackTeamCountry "HUN"]

1. f4 c5 2. g3 d5 3. Bg2 g6 4. Nf3 Nc6 5. 0-0 Nf6 6. d3 Bg7 7. c3 Bf5 8. Qe1 Qd7 9. Nbd2 d4 10. Nc4 Nd5 11. Bd2 0-0 12. Na3 Bh3 13. c4 Ne3 14. Bxe3 dxe3 15. Qc1 e5 16. fxe5 Nxe5 17. Nxe5 Bxe5 18. Rb1 Rae8 19. Bxh3 Qxh3 20. Rf3 h5 21. Qf1 Qg4 22. Qg2 Qg5 23. b3 f5 24. Rbf1 Qf6 25. Nc2 Qa6 26. a3 Qa5 27. Kh1 Qc3 28. Nxe3 Qxb3 29. Nxf5 Rxf5 30. Rxf5 gxf5 31. Rxf5 Qd1+ 32. Rf1 Qa4 0-1

[Event "HUN-chT2 Szechenyi 0304"]
[Site "Hungary"]
[Date "2004.01.25"]
[Round "6"]
[White "Selley, Gabor"]
[Black "Molnar, Marton"]
[Result "0-1"]
[WhiteElo "1672"]
[BlackElo "2027"]
[PlyCount "88"]
[EventDate "2003.09.28"]
[EventType "team-tourn"]
[EventRounds "11"]
[EventCountry "HUN"]
[SourceTitle "EXT 2009"]
[Source "ChessBase"]
[SourceDate "2008.11.26"]
[SourceVersion "1"]
[SourceVersionDate "2008.11.26"]
[SourceQuality "1"]
[WhiteTeam "Haladas II"]
[BlackTeam "Nagykanizsa II"]
[WhiteTeamCountry "HUN"]
[BlackTeamCountry "HUN"]

1. d4 d5 2. c4 e6 3. Bf4 Nf6 4. e3 b6 5. Nc3 Bb7 6. Nf3 Bd6 7. Bxd6 cxd6 8. cxd5 Nxd5 9. Bb5+ Nd7 10. Nxd5 Bxd5 11. 0-0 0-0 12. b3 Nf6 13. Rc1 Rc8 14. Nd2 Rxc1 15. Qxc1 Qa8 16. f3 Rc8 17. Qb2 Bc6 18. Ba6 Rc7 19. Rc1 Qb8 20. e4 b5 21. a4 bxa4 22. b4 Ne8 23. b5 Bb7 24. Rxc7 Nxc7 25. Qa3 Bxa6 26. bxa6 Nxa6 27. Qxa4 Qc8 28. Kf2 g6 29. Nc4 Nc7 30. Nxd6 Qd8 31. e5 Qh4+ 32. Kf1 Qf4 33. Qc4 Nd5 34. Qe2 Qxd4 35. Nb5 Qc5 36. g3 Ne3+ 37. Ke1 a6 38. Nd6 Qxe5 39. Ne4 Qa1+ 40. Kf2 Nf5 41. Qd2 Qd4+ 42. Kg2 Ne3+ 43. Kh3 Qxd2 44. Nxd2 a5 0-1

[Event "HUN-chT2 Szechenyi 0203"]
[Site "Hungary"]
[Date "2003.02.02"]
[Round "6"]
[White "Varga, Zsofia"]
[Black "Molnar, Marton"]
[Result "0-1"]
[WhiteElo "1674"]
[BlackElo "2034"]
[PlyCount "74"]
[EventDate "2002.09.22"]
[EventType "team-tourn"]
[EventRounds "11"]
[EventCountry "HUN"]
[SourceTitle "EXT 2009"]
[Source "ChessBase"]
[SourceDate "2008.11.26"]
[SourceVersion "1"]
[SourceVersionDate "2008.11.26"]
[SourceQuality "1"]

1. e4 c5 2. f4 d6 3. Nf3 e6 4. g3 Nc6 5. c3 Nf6 6. d3 e5 7. Qc2 Bg4 8. Bg2 exf4 9. Bxf4 Nh5 10. Be3 Be7 11. Nbd2 d5 12. Bf2 d4 13. cxd4 cxd4 14. a3 Rc8 15. Qa4 Bc5 16. Nb3 Bb6 17. Nfxd4 Bd7 18. Nxc6 Bxf2+ 19. Kxf2 Qf6+ 20. Ke3 Qg5+ 21. Kf2 Rxc6 22. Qxa7 Rc2+ 23. Kg1 Rxb2 24. Bf3 Rxb3 25. Ra2 0-0 26. Qd4 Nxg3 27. Kf2 Nxh1+ 28. Bxh1 Qf4+ 29. Kg1 Rb1+ 30. Kg2 Qf1+ 31. Kg3 Qh3+ 32. Kf2 Rxh1 33. Re2 Qh4+ 34. Ke3 Qg5+ 35. Kf3 Bg4+ 36. Kg2 Bxe2+ 37. Kxh1 Bf3# 0-1

[Event "HUN-chT2 Charousek 0001"]
[Site "Hungary"]
[Date "2001.03.25"]
[Round "9"]
[White "Molnar, Marton"]
[Black "Vrona, Mihail"]
[Result "0-1"]
[WhiteElo "1952"]
[BlackElo "2168"]
[PlyCount "60"]
[EventDate "2000.11.26"]
[EventType "team"]
[EventRounds "11"]
[EventCountry "HUN"]
[SourceTitle "EXT 2007"]
[Source "ChessBase"]
[SourceDate "2006.11.23"]
[SourceVersion "1"]
[SourceVersionDate "2006.11.23"]
[SourceQuality "1"]
[WhiteTeam "Nagykanizsa"]
[BlackTeam "Budapest EAC"]
[WhiteTeamCountry "HUN"]
[BlackTeamCountry "HUN"]

1. e4 e5 2. Nf3 Nc6 3. Nc3 g6 4. d4 exd4 5. Nxd4 Bg7 6. Be3 Nge7 7. Bc4 0-0 8. 0-0 d6 9. f4 Na5 10. Be2 f5 11. exf5 Nxf5 12. Nxf5 Rxf5 13. Bg4 Rf7 14. Bxc8 Qxc8 15. Qd5 Nc6 16. Ne4 Qf5 17. Qxf5 Rxf5 18. Ng3 Rb5 19. f5 Re8 20. Rae1 Rxe3 21. Rxe3 Bd4 22. Rfe1 gxf5 23. Nh5 Ne5 24. c3 Bxe3+ 25. Rxe3 Rxb2 26. Nf6+ Kf7 27. Nxh7 Rxa2 28. Ng5+ Kf6 29. Nh7+ Kg7 30. Ng5 Ra1+ 0-1

[Event "HUN-chT2 Charousek 0001"]
[Site "Hungary"]
[Date "2001.02.25"]
[Round "7"]
[White "Vincze, Otto"]
[Black "Molnar, Marton"]
[Result "1/2-1/2"]
[WhiteElo "2060"]
[BlackElo "1952"]
[PlyCount "33"]
[EventDate "2000.11.26"]
[EventType "team"]
[EventRounds "11"]
[EventCountry "HUN"]
[SourceTitle "EXT 2007"]
[Source "ChessBase"]
[SourceDate "2006.11.23"]
[SourceVersion "1"]
[SourceVersionDate "2006.11.23"]
[SourceQuality "1"]
[WhiteTeam "Ajka Banyasz"]
[BlackTeam "Nagykanizsa"]
[WhiteTeamCountry "HUN"]
[BlackTeamCountry "HUN"]

1. e4 c5 2. c3 d5 3. exd5 Qxd5 4. d4 e6 5. Nf3 Nf6 6. Be2 Nc6 7. Na3 cxd4 8. Nb5 Qd8 9. Nbxd4 Nxd4 10. Nxd4 e5 11. Bb5+ Bd7 12. Bxd7+ Qxd7 13. Qe2 0-0-0 14. Nb3 Qd3 15. Bg5 Qxe2+ 16. Kxe2 Be7 17. Rad1 1/2-1/2

[Event "HUN-chT2 Charousek 0001"]
[Site "Hungary"]
[Date "2000.12.17"]
[Round "3"]
[White "Molnar, Marton"]
[Black "Biro, Laszlo"]
[Result "1/2-1/2"]
[WhiteElo "1952"]
[BlackElo "2118"]
[PlyCount "45"]
[EventDate "2000.11.26"]
[EventType "team"]
[EventRounds "11"]
[EventCountry "HUN"]
[SourceTitle "EXT 2007"]
[Source "ChessBase"]
[SourceDate "2006.11.23"]
[SourceVersion "1"]
[SourceVersionDate "2006.11.23"]
[SourceQuality "1"]
[WhiteTeam "Nagykanizsa"]
[BlackTeam "Husi"]
[WhiteTeamCountry "HUN"]
[BlackTeamCountry "HUN"]

1. e4 e5 2. Nf3 Nf6 3. Nc3 Bb4 4. Nxe5 0-0 5. Nf3 Re8 6. Be2 Bxc3 7. dxc3 Nxe4 8. 0-0 d6 9. Re1 Nd7 10. Bd3 Ndc5 11. Ng5 Nxd3 12. cxd3 Nf6 13. Bd2 h6 14. Ne4 Bf5 15. Nxf6+ Qxf6 16. Qf3 Qg6 17. d4 Be4 18. Qg3 Qxg3 19. hxg3 Re6 20. Re3 Rae8 21. Rae1 Bd5 22. Rxe6 Rxe6 23. Rxe6 1/2-1/2